| 000 | 02442cam a2200445 i 4500 | ||
|---|---|---|---|
| 005 | 20260322212043.0 | ||
| 008 | data | ||
| 010 | _a 2013026037 | ||
| 020 | _a9780061969706 (hardcover) | ||
| 020 | _a9780062316684 (signed edition) | ||
| 020 | _a0061969702 | ||
| 040 |
_aDLC _beng _cDLC _erda _dDLC |
||
| 042 | _apcc | ||
| 043 | _ae-uk-en | ||
| 050 | 0 | 0 |
_aPR6053.O75 _bP34 2014 |
| 082 | 0 | 0 |
_a823/.914 _223 |
| 084 |
_aFIC002000 _aFIC032000 _aFIC002000 _2bisacsh |
||
| 099 | _aCORNWB | ||
| 100 | 1 | _aCornwell, Bernard. | |
| 245 | 1 | 4 |
_aThe pagan lord : _ba novel / _cBernard Cornwell. |
| 250 | _aFirst U.S. edition. | ||
| 264 | 1 |
_aNew York : _bHarper, _c[2014] |
|
| 300 |
_a299 pages : _bmap ; _c24 cm |
||
| 336 |
_atext _2rdacontent |
||
| 337 |
_aunmediated _2rdamedia |
||
| 338 |
_avolume _2rdacarrier |
||
| 490 | 0 | _aSaxon tales | |
| 500 | _a"Published in Great Britain in 2013 by HarperCollins Publishers"--Title page verso. | ||
| 520 |
_a"New York Times bestselling author Bernard Cornwell returns to his epic Saxon Tales saga with The Pagan Lord, a dramatic story of divided loyalties, bloody battles, and the struggle to unite Britain.At the onset of the tenth century, England is in turmoil. Alfred the Great is dead and Edward his son reigns as king. Wessex survives but peace cannot hold: the Danes in the north, led by Viking Cnut Longsword, stand ready to invade and will never rest until the emerald crown is theirs. Uhtred, once Alfred's great warrior but now out of favor with the new king, must lead a band of outcasts north to recapture his old family home, that great Northumbrian fortress, Bebbanburg.In The Pagan Lord, loyalties will be divided and men will fall, as every Saxon kingdom is drawn into the bloodiest battle yet with the Danes; a war which will decide the fate of every king, and the entire English nation"-- _cProvided by publisher. |
||
| 600 | 0 | 0 |
_aAlfred, _cKing of England, _d849-899 _vFiction. |
| 650 | 7 |
_aFICTION / Historical. _2bisacsh |
|
| 650 | 7 |
_aFICTION / War & Military. _2bisacsh |
|
| 650 | 7 |
_aFICTION / Action & Adventure. _2bisacsh |
|
| 651 | 0 |
_aGreat Britain _xHistory _yAlfred, 871-899 _vFiction. |
|
| 655 | 7 |
_aHistorical fiction. _2gsafd |
|
| 906 |
_a7 _bcbc _corignew _d1 _eecip _f20 _gy-gencatlg |
||
| 925 | 0 |
_aAcquire _b2 shelf copies _xpolicy default |
|
| 955 | _fxk15 2014-04-22 copies 1 & 2 to CALM | ||
| 001 | data | ||
| 999 |
_c1010 _d1010 |
||